| 000 | 02552fam a2200313 a 4500 | ||
|---|---|---|---|
| 001 | 2248620 | ||
| 003 | OSt | ||
| 005 | 20151014120558.0 | ||
| 008 | 971202s1999 nyuaf b 001 0 eng | ||
| 010 | _a 97048837 | ||
| 020 | _a0716728818 | ||
| 035 | _a(OCoLC)38073335 | ||
| 035 | _a(OCoLC)ocm38073335 | ||
| 035 | _a(NNC)2248620 | ||
| 040 |
_aDLC _cDLC _dDLC _dNNC _dOrLoB-B |
||
| 050 | 0 | 0 |
_aQD101.2 _b.H37 1999 |
| 082 | 0 | 0 |
_a545 _221 |
| 100 | 1 |
_aHarris, Daniel C., _d1948- |
|
| 245 | 1 | 0 |
_aQuantitative chemical analysis / _cDaniel C. Harris. |
| 250 | _a5th ed. | ||
| 260 |
_aNew York : _bW.H. Freeman, _c1999. |
||
| 300 |
_axix, 899, 42, 34, 126 p., [12] p. of plates : _bill. (some col.) ; _c26 cm. + _e1 computer laser optical disc (4 3/4 in.) |
||
| 500 | _aIncludes bibliographical references and index. | ||
| 505 | 0 | 0 |
_gCh. 0. _tThe Analytical Process -- _gCh. 1. _tMeasurements -- _gCh. 2. _tTools of the Trade -- _gCh. 3. _tExperimental Error -- _gCh. 4. _tStatistics and Spreadsheets -- _gCh. 5. _tCalibration Methods -- _gCh. 6. _tChemical Equilibrium -- _gCh. 7. _tLet the Titrations Begin -- _gCh. 8. _tActivity -- _gCh. 9. _tSystematic Treatment of Equilibrium -- _gCh. 10. _tMonoprotic Acid-Base Equilibria -- _gCh. 11. _tPolyprotic Acid-Base Equilibria -- _gCh. 12. _tAcid-Base Titrations -- _gCh. 13. _tEDTA Titrations -- _gCh. 14. _tFundamentals of Electrochemistry -- _gCh. 15. _tElectrodes and Potentiometry -- _gCh. 16. _tRedox Titrations -- _gCh. 17. _tElectrogravimetric and Coulometric Analyses -- _gCh. 18. _tVoltammetry -- _gCh. 19. _tFundamentals of Spectrophotometry -- _gCh. 20. _tApplications of Spectrophotometry -- _gCh. 21. _tSpectrophotometers -- _gCh. 22. _tAtomic Spectroscopy -- _gCh. 23. _tIntroduction to Analytical Separations -- _gCh. 24. _tGas Chromatography -- _gCh. 25. _tHigh-Performance Liquid Chromatography -- |
| 505 | 8 | 0 |
_gCh. 26. _tChromatographic Methods and Capillary Electrophoresis -- _gCh. 27. _tGravimetric and Combustion Analysis -- _gCh. 28. _tSample Preparation -- _gCh. 29. _tExperiments -- _gApp. A. _tLogarithms and Exponents -- _gApp. B. _tGraphs of Straight Lines -- _gApp. C. _tPropagation of Uncertainty -- _gApp. D. _tOxidation Numbers and Balancing Redox Equations -- _gApp. E. _tNormality -- _gApp. F. _tSolubility Products -- _gApp. G. _tAcid Dissociation Constants -- _gApp. H. _tStandard Reduction Potentials -- _gApp. I. _tStepwise Formation Constants -- _gApp. J. _tLogarithm of the Formation Constant for the Reaction [actual symbol not reproducible]. |
| 650 | 0 |
_aChemistry, Analytic _xQuantitative. |
|
| 900 | _bTOC | ||
| 942 |
_2lcc _cBK |
||
| 999 |
_c250643 _d250643 |
||